Herb or Spice? - Statistics

General Stats
  • This quiz has been taken 187 times
  • The average score is 14 of 16
Answer Stats
Hint Answer % Correct
Mint Herb
97%
Basil Herb
96%
Thyme Herb
96%
Rosemary Herb
96%
Parsley Herb
95%
Cinnamon Spice
95%
Allspice Spice
95%
Paprika Spice
94%
Dill Herb
93%
Cumin Spice
93%
Turmeric Spice
92%
Sage Herb
89%
Oregano Herb
88%
Nutmeg Spice
88%
Saffron Spice
75%
Marjoram Herb
59%
No matching quizzes found
Score Distribution
Percent of People with Each Score
Percentile by Number Answered
Your Score History
You have not taken this quiz